Normal view MARC view

Entry Nome pessoal

Number of records used in: 1

001 - NÚMERO DE CONTROLE

  • campo de controle: 693

003 - IDENTIFICADOR DO NÚMERO DE CONTROLE

  • campo de controle: Br

005 - DATA E HORÁRIO DA ÚLTIMA TRANSAÇÃO

  • campo de controle: 20250328093917.0

008 - CAMPO DE DADOS FIXOS

  • campo de controle de tamanho fixo: 971210n| dcnnnaab| aaaa |

035 ## - NÚMERO DE CONTROLE DO SISTEMA

  • Número de Controle do Sistema: 97121012335960E18

040 ## - FONTE DA CATALOGAÇÃO

  • Instituição que transcreveu o registro: Br
  • Convenções de cabeçalho de assunto/tesauros: Br
  • Instituição da catalogação original: BR-RjBN
  • Idioma da catalogação: por

100 1# - CABEÇALHO--NOME PESSOAL

  • Nome pessoal: Lewis, Sinclair,
  • Datas associadas ao nome: 1885-1951

400 1# - REMISSIVA VER--NOME PESSOAL

  • Nome pessoal: Lewis, Harry Sinclair
  • Datas associadas ao nome: 1885-1951

665 ## - NOTA DE REFERÊNCIA HISTÓRICA

  • Histórico de referências: Autor de: Work of art. 1934

670 ## - FONTE POSITIVA DOS DADOS

  • Citação da fonte positiva dos dados: Liv. cat

670 ## - FONTE POSITIVA DOS DADOS

  • Citação da fonte positiva dos dados: CA-FGV 28/12/96

670 ## - FONTE POSITIVA DOS DADOS

  • Citação da fonte positiva dos dados: LC mic. 77/81
  • Dados encontrados na fonte localizada no subcampo: (datas)

670 ## - FONTE POSITIVA DOS DADOS

  • Citação da fonte positiva dos dados: Jornal O Globo do dia 10/01/1951
  • Dados encontrados na fonte localizada no subcampo: (d.m.)

670 ## - FONTE POSITIVA DOS DADOS

  • Citação da fonte positiva dos dados: Seu: Babbitt. 1980
  • Dados encontrados na fonte localizada no subcampo: (n.c. e datas)

670 ## - FONTE POSITIVA DOS DADOS

  • Citação da fonte positiva dos dados: https://en.wikipedia.org/wiki/Sinclair_Lewis 24/07/2019
  • Dados encontrados na fonte localizada no subcampo: (nasceu em 07 de fevereiro de 1885 e faleceu em 10 de janeiro de 1951 ; romancista americano, escritor de contos e dramaturgo)

Powered by Koha